| 000 | 00459nam a2200193Ia 4500 | ||
|---|---|---|---|
| 003 | 0100 | ||
| 008 | 130227s9999 xx 000 0 und d | ||
| 040 | _cARRUPELIB | ||
| 050 | _aQ175.3C65 2000 | ||
| 100 | _aNewton-Smith, W. H. | ||
| 245 | 2 | _aA companion to the philosophy of science | |
| 260 | _aMassechusetts | ||
| 260 | _bBlackwell | ||
| 260 | _C2000 | ||
| 300 | _axvi | ||
| 300 | _b 576p. 25cm. | ||
| 650 | _bCouncils & synods | ||
| 942 |
_2lcc _010 |
||
| 999 |
_c3259 _d3259 |
||